|
|
|
|
| LEADER |
03448nam a2200853 i 4500 |
| 001 |
nkc20162858445 |
| 003 |
CZ PrNK |
| 005 |
20170113090832.0 |
| 007 |
ta |
| 008 |
161128s2016 xr ab f 001 0dcze |
| 015 |
|
|
|a cnb002858445
|
| 020 |
|
|
|a 978-80-7485-110-0
|q (vázáno) :
|c Kč 695,00
|
| 035 |
|
|
|a (OCoLC)970633155
|
| 035 |
|
|
|a (OCoLC)972639204
|
| 040 |
|
|
|a OLA001
|b cze
|e rda
|
| 041 |
1 |
|
|a cze
|h ger
|
| 045 |
|
|
|a c1x9
|
| 072 |
|
7 |
|a 26
|x Judaismus
|2 Konspekt
|9 5
|
| 080 |
|
|
|a 94(=411.16)
|2 MRF
|
| 080 |
|
|
|a 26(091)
|2 MRF
|
| 080 |
|
|
|a 316.344.8(=411.16)
|2 MRF
|
| 080 |
|
|
|a 316.722:26
|2 MRF
|
| 080 |
|
|
|a 27-67:26
|2 MRF
|
| 080 |
|
|
|a 26-67:28
|2 MRF
|
| 080 |
|
|
|a 26-67
|2 MRF
|
| 080 |
|
|
|a 322:26
|2 MRF
|
| 080 |
|
|
|a 2-64/-67
|2 MRF
|
| 080 |
|
|
|a 2-67
|2 MRF
|
| 080 |
|
|
|a 17
|2 MRF
|
| 080 |
|
|
|a (048.8)
|2 MRF
|
| 100 |
1 |
|
|a Küng, Hans,
|d 1928-2021
|7 jn19990004781
|4 aut
|
| 240 |
1 |
0 |
|a Judentum.
|l Česky
|
| 245 |
1 |
0 |
|a Židovství /
|c Hans Küng ; přeložili Vladimír Petkevič, Daniela Blahutková a Dagmar Pohunková
|
| 250 |
|
|
|a První vydání
|
| 264 |
|
1 |
|a Brno :
|b Barrister & Principal,
|c 2016
|
| 300 |
|
|
|a 635 stran :
|b ilustrace, mapy ;
|c 24 cm
|
| 336 |
|
|
|a text
|b txt
|2 rdacontent
|
| 337 |
|
|
|a bez média
|b n
|2 rdamedia
|
| 338 |
|
|
|a svazek
|b nc
|2 rdacarrier
|
| 500 |
|
|
|a Přeloženo z němčiny
|
| 500 |
|
|
|a Chronologický přehled
|
| 504 |
|
|
|a Obsahuje bibliografii, bibliografické odkazy a rejstříky
|
| 648 |
|
4 |
|a 19. století př. Kr.-20. století po Kr.
|
| 650 |
0 |
7 |
|a dějiny Židů
|7 ph489410
|y 19. století př. Kr.-20. století po Kr.
|2 czenas
|
| 650 |
0 |
7 |
|a dějiny judaismu
|7 ph554670
|y 19. století př. Kr.-20. století po Kr.
|2 czenas
|
| 650 |
0 |
7 |
|a židovství
|7 ph128010
|x dějiny
|2 czenas
|
| 650 |
0 |
7 |
|a židovská civilizace
|7 ph137971
|x dějiny
|2 czenas
|
| 650 |
0 |
7 |
|a křesťanství a judaismus
|7 ph115077
|x dějiny
|2 czenas
|
| 650 |
0 |
7 |
|a judaismus a islám
|7 ph114839
|x dějiny
|2 czenas
|
| 650 |
0 |
7 |
|a judaismus a společnost
|7 ph514348
|x dějiny
|2 czenas
|
| 650 |
0 |
7 |
|a judaismus a politika
|7 ph436871
|x dějiny
|2 czenas
|
| 650 |
0 |
7 |
|a mezináboženské vztahy
|7 ph122798
|x etické a morální aspekty
|2 czenas
|
| 650 |
0 |
7 |
|a mezináboženský dialog
|7 ph138524
|x etické a morální aspekty
|2 czenas
|
| 650 |
0 |
9 |
|a history of the Jews
|y 19th century B.C.-20th century A.C.
|2 eczenas
|
| 650 |
0 |
9 |
|a history of Judaism
|y 19th century B.C.-20th century A.C.
|2 eczenas
|
| 650 |
0 |
9 |
|a Jewry
|x history
|2 eczenas
|
| 650 |
0 |
9 |
|a Jewish civilization
|x history
|2 eczenas
|
| 650 |
0 |
9 |
|a Christianity and Judaism
|x history
|2 eczenas
|
| 650 |
0 |
9 |
|a Judaism and Islam
|x history
|2 eczenas
|
| 650 |
0 |
9 |
|a Judaism and society
|x history
|2 eczenas
|
| 650 |
0 |
9 |
|a Judaism and politics
|x history
|2 eczenas
|
| 650 |
0 |
9 |
|a interfaith relations
|x ethical and moral aspects
|2 eczenas
|
| 650 |
0 |
9 |
|a interreligious dialogue
|x ethical and moral aspects
|2 eczenas
|
| 655 |
|
7 |
|a monografie
|7 fd132842
|2 czenas
|
| 655 |
|
9 |
|a monographs
|2 eczenas
|
| 700 |
1 |
|
|a Petkevič, Vladimír,
|d 1954-
|7 jo20010084324
|4 trl
|
| 700 |
1 |
|
|a Blahutková, Daniela,
|d 1973-
|7 xx0033776
|4 trl
|
| 700 |
1 |
|
|a Pohunková, Dagmar,
|d 1929-
|7 jk01100322
|4 trl
|
| 910 |
2 |
|
|a BOA001
|b 2-1379.001
|
| 990 |
|
|
|a BK
|
| 995 |
|
|
|a 01
|
| 991 |
|
|
|b 201612
|c NOV
|
| 996 |
6 |
|
|b 2610689142
|c 2-1379.001
|l MZK
|r HSS 4p
|n 0
|p p.v.
|h 26 KUN
|w 001589973
|u 000020
|a 0
|e BOA001
|j MZK50
|s P
|
| 996 |
6 |
|
|b 2610689143
|c 2-1379.001
|l MZK
|r Sklad / do 1 hodiny
|n 4
|p p.v.
|w 001589973
|u 000010
|a 1
|e BOA001
|j MZK50
|s P
|